000 01278cab a2200205 4500
001 ABS67424
008 040128n2003 000 0 eng u
035 _a(Sirsi) u124942
100 _aRich, M.
245 _aWhat is a contract in writing for the purposes of the Construction Act?
260 _c2003
490 _aNew Steel Construction
_v11(6) November/December 2003, 12(1)
520 _aDiscusses what a contract in writing means for the purposes of the Housing Grants, Construction and Regeneration Act s107. Reports it can include, as agreements in writing, unsigned written agreements, agreements made by exchange of written communications, agreements evidenced in writing, recorded with the authority of the parties and agreements referring to written terms. Concludes that if not all of the terms of a contract are evidenced in writing in some way, then it may not be covered by the provisions of the Act, especially adjudication.
590 _aABS
650 _aMANAGEMENT-DISPUTE AVOIDANCE, MANAGEMENT AND RESOLUTION-DISPUTE MANAGEMENT AND RESOLUTION-ALTERNATIVE DISPUTE RESOLUTION-ADJUDICATION
650 _aHOUSING GRANTS, CONSTRUCTION AND REGENERATION ACT 1996 S107
650 _aCONTRACTS IN WRITING
690 _aDispute resolution
_96236
942 _n0
999 _c74084
_d74084